| 000 -LEADER |
| fixed length control field |
01423nam a2200217Ia 4500 |
| 008 - FIXED-LENGTH DATA ELEMENTS--GENERAL INFORMATION |
| fixed length control field |
181130s2018 xx 000 0 und d |
| 100 ## - MAIN ENTRY--PERSONAL NAME |
| Personal name |
Rabovsky, Thomas |
| 245 ## - TITLE STATEMENT |
| Title |
Exploring the antecedents of the gender pay gap in U.S. higher education |
| 260 ## - PUBLICATION, DISTRIBUTION, ETC. |
| Date of publication, distribution, etc. |
2018 |
| 300 ## - PHYSICAL DESCRIPTION |
| Extent |
p.375-385. |
| 504 ## - BIBLIOGRAPHY, ETC. NOTE |
| -- |
May/Jun |
| 520 ## - SUMMARY, ETC. |
| Summary, etc. |
Organizational behaviorists have long argued that inequity in worker compensation is problematic. The authors use data on 254 public and private nonprofit research universities to evaluate the antecedents of salary differences between male and female full?time assistant professors. Drawing on representative bureaucracy theory, they hypothesize that female representation among the associate and full professor ranks, as well as in executive management positions (including the university president), will be negatively associated with gender pay gap differences. Findings support the hypotheses, although the impacts for many of the variables differ between public and private institutions. Important effects are also found related to a variety of institutional characteristics, including funding from state appropriations. - Reproduced. |
| 650 ## - SUBJECT ADDED ENTRY--TOPICAL TERM |
| Topical term or geographic name entry element |
Gender |
| 650 ## - SUBJECT ADDED ENTRY--TOPICAL TERM |
| Topical term or geographic name entry element |
Higher education - U.S. |
| 650 ## - SUBJECT ADDED ENTRY--TOPICAL TERM |
| Topical term or geographic name entry element |
Women |
| 650 ## - SUBJECT ADDED ENTRY--TOPICAL TERM |
| Topical term or geographic name entry element |
Women employment |
| 650 ## - SUBJECT ADDED ENTRY--TOPICAL TERM |
| Topical term or geographic name entry element |
Women rights |
| 700 ## - ADDED ENTRY--PERSONAL NAME |
| Personal name |
Lee, Hongseok |
| 773 ## - HOST ITEM ENTRY |
| Main entry heading |
Public Administration Review |
| 906 ## - LOCAL DATA ELEMENT F, LDF (RLIN) |
| a |
Higher education - U.S. |